00491nam a2200181Ia 4500999001700000003000400017005001700021008004100038020001500079040000900094082001900103100005500122245003000177260003700207300000900244650001200253942004400265 c14185d14185OSt20230916142610.0190216s9999||||xx |||||||||||||| ||und|| a0002090376 coclc a822.912bSHA/P1 aShaw, Bernard,d1856-1950.tArms and the man94899 0aPygmalion /cBernard Shaw bOrient Longman,c1971.aChennai: a148p aEnglish cBK2ddch822.912iSHA/Pk822.912mSHA/P